000 00453nam a2200145Ia 4500
008 100122s9999 xx 000 0 und d
082 _b17253
_a823.08
100 _aजोशी य गो
245 _aपुनर्भेट भाग - 9 वा
260 _bय.गो.जोशी
_c1966
300 _a200
630 _aपुनर्भेट भाग - 9 वा
730 _aपुनर्भेट भाग - 9 वा
942 _cBOOK
999 _c407034
_d407031